Φόβοι και φοβίες : η θετική αντιμετώπιση και θεραπεία του φόβου

Αποθηκεύτηκε σε:
Λεπτομέρειες βιβλιογραφικής εγγραφής
Κύριος συγγραφέας: Peiffer, Vera
Άλλοι συγγραφείς: Μοσχοπούλου, Πόλυ (trlf)
Μορφή: Βιβλίο
Γλώσσα:Greek
English
Δημοσίευση: Αθήνα : Διόπτρα, 1997.
Έκδοση:5η έκδ.
Θέματα:
Ετικέτες: Προσθήκη ετικέτας
Δεν υπάρχουν, Καταχωρήστε ετικέτα πρώτοι!

MARC

LEADER 00000nam a2200000 a 4500
001 1/127075
008 230721s1997####gr | ||| |||| ||gre||
020 |a 9789603641155 
040 |a GR-MyUa  |b gre  |c GR-MyUa  |e AACR2 
041 1 |a gre  |h eng 
082 7 |a 152.46   |2 (23) 
100 1 |a Peiffer, Vera. 
245 1 0 |a Φόβοι και φοβίες :   |b η θετική αντιμετώπιση και θεραπεία του φόβου /   |c Vera Peiffer ; μετάφραση: Π. Μοσχοπούλου. 
250 |a 5η έκδ. 
260 |a Αθήνα :   |b Διόπτρα,   |c 1997.  
300 |a 210 σ. ;   |c 21 εκ.  
500 |a Τίτλος πρωτοτύπου: Positively fearless 
504 |a Βιβλιογραφία : σ. [209]-210.  
650 0 |a Fear 
650 0 |a Anxiety 
700 1 |a Μοσχοπούλου, Πόλυ,  |e trlf 
852 |a INST  |b RHODES  |e 20230721  |h 152.46 PEI  |p 005400043720  |q 005400043720  |t BK  |y 0 
970 |z 21-07-202